Seasonal Quiz - Christmas - Statistics

General Stats
  • This quiz has been taken 69 times
  • The average score is 7 of 15
Answer Stats
Hint Answer % Correct
In the Twelve Days of Christmas, how many lords a leaping are there? 10
96%
How many reindeer does Santa have? 8
89%
What colour was Santa's suit originally? Green & White
86%
What is 'Merry Christmas' in Spanish Feliz Navidad
63%
Who popularised the red suit? Coca Cola
50%
Where did the Christmas tree originate? Germany
50%
What did George Michael give you last Christmas? His heart
48%
During the Christmas Truce of 1914, which sport did the opposing sides play? Football
46%
In what year did Queen Elizabeth II give her first televised Christmas speech? 1957
32%
Which American businessman/billionaire gave his name to a famous NY Christmas tree? John D. Rockefeller
30%
What did the wise men bring baby Jesus? Gold, Frankincense and Myrrh
23%
Who popularised the Christmas tree in the United Kingdom? Queen Victoria
21%
What Game of Thrones actor also starred in the Christmas film 'Elf'? Peter Dinklage
11%
What star did the wise men follow? Star of Bethlehem
7%
In what year was Christmas made an official holiday in Scotland? 1958
4%
No matching quizzes found
Score Distribution
Percent of People with Each Score
Percentile by Number Answered
Your Score History
You have not taken this quiz